Alaska lands : hearings before the Subcommittee on Fisheries and Wildlife Conservation and the Environment of the Committee on Merchant Marine and Fisheries, House of Representatives, Ninety-fifth Congress, first session , on H.R. 1652 ... H.R. 5605 ... H.R. 6564 ...

Bibliographic Details
Corporate Authors: United States. Congress. House. Committee on Merchant Marine and Fisheries. Subcommittee on Fisheries and Wildlife Conservation and the Environment, ProQuest (Firm)
Format: Government Document eBook
Language:English
Published: Washington : U.S. Govt. Print. Off, 1978.
Series:U.S. Congressional Hearings.
Subjects:
Online Access:Connect to the full text of this electronic book
Connect to the full text of this electronic book

MARC

Tag First Indicator Second Indicator Subfields
LEADER 00000cam a22000001a 4500
001 in00003200413
006 m d f
007 cr bn mmmapmmp
008 090922s1978 dcua o f000 0 eng d
005 20260511211730.5
035 |a cis2007443739 
040 |a UMI  |c UMI  |d UtOrBLW 
043 |a n-us--- 
074 |a 1021 
086 0 |a Y 4.M 53:95-23 
086 0 |a Y 4.M 53:95-34 
099 |a HRG-1977-MMF-0006 
099 |a HRG-1978-MMF-0016 
110 1 |a United States.  |b Congress.  |b House.  |b Committee on Merchant Marine and Fisheries.  |b Subcommittee on Fisheries and Wildlife Conservation and the Environment. 
245 1 0 |a Alaska lands :  |b hearings before the Subcommittee on Fisheries and Wildlife Conservation and the Environment of the Committee on Merchant Marine and Fisheries, House of Representatives, Ninety-fifth Congress, first session , on H.R. 1652 ... H.R. 5605 ... H.R. 6564 ... 
264 1 |a Washington :  |b U.S. Govt. Print. Off,  |c 1978. 
300 |a 1 online resource. 
336 |a text  |b txt  |2 rdacontent 
337 |a computer  |b c  |2 rdamedia 
338 |a online resource  |b cr  |2 rdacarrier 
490 0 |a Serial - House, Committee on Merchant Marine and Fisheries ;  |v no. 95-23, 34 
500 |a Record is based on bibliographic data in ProQuest Congressional Hearings Digital Collection. Reuse except for individual research requires license from ProQuest, LLC. 
538 |a System requirements: PDF reader software. 
500 |a Electronic resource. 
650 0 |a Wildlife conservation  |x Law and legislation  |z United States. 
650 0 |a National parks and reserves  |z Alaska. 
655 7 |a Electronic books.  |2 local 
710 2 |a ProQuest (Firm) 
776 0 8 |i Print version:  |a United States. Congress. House. Committee on Merchant Marine and Fisheries. Subcommittee on Fisheries and Wildlife Conservation and the Environment  |t Alaska lands  |w (OCoLC)04050009  |w gp 79003110 
776 0 8 |i Microfiche version:  |a United States. Congress. House. Committee on Merchant Marine and Fisheries. Subcommittee on Fisheries and Wildlife Conservation and the Environment  |t Alaska lands.  |d [Bethesda, Md.] : ProQuest,[2004]  |o CIS 78 H561-12 (pt.1)  |o CIS 78 H561-23 (pt.2)  |w (ProQuest)cis07801217 
830 0 |a U.S. Congressional Hearings. 
856 4 0 |u http://proxy.library.tamu.edu/login?url=https://congressional.proquest.com/congcomp/getdoc?HEARING-ID=HRG-1977-MMF-0006  |z Connect to the full text of this electronic book  |t 0 
856 4 0 |u http://proxy.library.tamu.edu/login?url=https://congressional.proquest.com/congcomp/getdoc?HEARING-ID=HRG-1978-MMF-0016  |z Connect to the full text of this electronic book  |t 0 
998 |a cis07801217 
999 |a MARS 
999 f f |s 75575c1e-c531-316f-9999-2e42d69bb7a9  |i a61aa086-dcf6-3a88-9eb5-3c5e1a78a830  |t 0 
952 f f |a Texas A&M University  |b College Station  |c Electronic Resources  |s www_evans  |d Available Online  |t 0  |e HRG-1978-MMF-0016  |h Other scheme 
998 f f |a HRG-1978-MMF-0016  |t 0  |l Available Online